000 00265nam a2200109Ia 4500
008 200302s9999 xx 000 0 und d
100 _aN. Bartony, & Other
245 _aArchitectural Engineering
260 _bMir Publishers Ltd.
260 _c1989
300 _a342 P.,
999 _c2263
_d2263